[Event "Mittelrhein Regionalliga 16/17"]
[Site "Nordrheinwestfalen"]
[Date "2017.04.30"]
[Round "11.4"]
[White "Roski, Ferdinand"]
[Black "Foth, Stefan"]
[Result "1-0"]
[WhiteElo "2109"]
[BlackElo "1797"]
[PlyCount "49"]
[EventDate "2016.09.11"]
[EventType "team-tourn"]
[EventRounds "11"]
[EventCountry "GER"]
[SourceTitle "EXT 2022"]
[Source "ChessBase"]
[SourceDate "2021.10.06"]
[SourceVersion "1"]
[SourceVersionDate "2021.10.06"]
[SourceQuality "1"]
[WhiteTeam "Godesberg II"]
[BlackTeam "Dormagen SV"]
[WhiteTeamCountry "GER"]
[BlackTeamCountry "GER"]

1. Nf3 d5 2. g3 Nf6 3. Bg2 g6 4. 0-0 Bg7 5. d3 0-0 6. Nbd2 b6 7. e4 dxe4 8. dxe4 Bb7 9. Qe2 e6 10. e5 Nfd7 11. Ne4 h6 12. h4 Nc6 13. Rd1 Qe7 14. Bxh6 Ncxe5 15. Nxe5 Nxe5 16. Bg5 Qb4 17. Nf6+ Bxf6 18. Bxb7 Bg7 19. Bxa8 Rxa8 20. c3 Qc5 21. Bf4 Nc4 22. Rd7 e5 23. Qe4 Rf8 24. Be3 Qb5 25. Rxc7 1-0

[Event "Mittelrhein Regionalliga 1415"]
[Site "Mittelrhein"]
[Date "2015.02.22"]
[Round "7.4"]
[White "Jakubiec, Edyta"]
[Black "Roski, Ferdinand"]
[Result "1-0"]
[WhiteElo "2234"]
[BlackElo "2153"]
[PlyCount "77"]
[EventDate "2014.09.28"]
[EventType "team-tourn"]
[EventRounds "9"]
[EventCountry "GER"]
[SourceTitle "EXT 2023"]
[Source "ChessBase"]
[SourceDate "2022.10.05"]
[SourceVersion "1"]
[SourceVersionDate "2022.10.05"]
[SourceQuality "1"]
[WhiteTeam "Aachen DJK Aufwaerts III"]
[BlackTeam "Godesberg II"]
[WhiteTeamCountry "GER"]
[BlackTeamCountry "GER"]

1. e4 c5 2. Nf3 e6 3. d4 cxd4 4. Nxd4 Nc6 5. Nc3 Nf6 6. Nxc6 bxc6 7. e5 Nd5 8. Ne4 f5 9. exf6 Nxf6 10. Nd6+ Bxd6 11. Qxd6 Qb6 12. Bd3 c5 13. Qg3 Ba6 14. Bxa6 Qxa6 15. Qxg7 Rf8 16. Bh6 0-0-0 17. Qg5 Qa5+ 18. Qd2 Qxd2+ 19. Bxd2 Ne4 20. Be3 d5 21. f3 d4 22. Bh6 Rf6 23. Bc1 Rg8 24. fxe4 Rxg2 25. Bd2 Rff2 26. 0-0-0 c4 27. Rhf1 Re2 28. Rf8+ Kb7 29. c3 e5 30. Re8 Rxh2 31. Rxe5 d3 32. b3 cxb3 33. axb3 h5 34. Rd5 h4 35. Rxd3 Rxe4 36. Rg1 h3 37. Rg7+ Kc6 38. Rg6+ Kc5 39. Be3+ 1-0

[Event "Mittelrhein Regionalliga 1415"]
[Site "Mittelrhein"]
[Date "2015.01.11"]
[Round "5.5"]
[White "Roski, Ferdinand"]
[Black "Simons, Peter"]
[Result "0-1"]
[WhiteElo "2153"]
[BlackElo "2044"]
[PlyCount "88"]
[EventDate "2014.09.28"]
[EventType "team-tourn"]
[EventRounds "9"]
[EventCountry "GER"]
[SourceTitle "EXT 2023"]
[Source "ChessBase"]
[SourceDate "2022.10.05"]
[SourceVersion "1"]
[SourceVersionDate "2022.10.05"]
[SourceQuality "1"]
[WhiteTeam "Godesberg II"]
[BlackTeam "Rheinbacher SF"]
[WhiteTeamCountry "GER"]
[BlackTeamCountry "GER"]

1. Nf3 d5 2. b3 Bf5 3. Bb2 e6 4. g3 Nf6 5. Bg2 Bc5 6. 0-0 0-0 7. d3 Nbd7 8. Nbd2 Re8 9. c4 c6 10. Qc2 Bg6 11. e4 dxe4 12. dxe4 Qb6 13. a3 a5 14. Nh4 Bd4 15. Nxg6 hxg6 16. Rad1 Bxb2 17. Qxb2 e5 18. Nf3 Nc5 19. b4 axb4 20. axb4 Ra4 21. Rb1 Ncxe4 22. Nxe5 Nxf2 23. Rxf2 Rxe5 24. Qxe5 Qxf2+ 25. Kxf2 Ng4+ 26. Ke1 Nxe5 27. Bf1 Ra2 28. Be2 Kf8 29. Kd1 g5 30. b5 c5 31. b6 Ke7 32. Rb3 g4 33. Re3 Kd6 34. Kc1 f5 35. Kb1 Ra4 36. Kc2 g5 37. Bd3 Nxc4 38. Re8 f4 39. Rg8 f3 40. Rg6+ Kd5 41. Rxg5+ Ne5 42. Rf5 c4 43. Bf1 Ra1 44. Bxc4+ Kxc4 0-1

[Event "Mittelrhein Regionalliga 1314"]
[Site "Mittelrhein"]
[Date "2014.03.09"]
[Round "8.3"]
[White "Roski, Ferdinand"]
[Black "Maric, Boris"]
[Result "0-1"]
[WhiteElo "2203"]
[BlackElo "2024"]
[PlyCount "94"]
[EventDate "2013.09.15"]
[EventType "team-tourn"]
[EventRounds "11"]
[EventCountry "GER"]
[SourceTitle "EXT 2023"]
[Source "ChessBase"]
[SourceDate "2022.10.05"]
[SourceVersion "1"]
[SourceVersionDate "2022.10.05"]
[SourceQuality "1"]
[WhiteTeam "Godesberg II"]
[BlackTeam "Gruenfeld"]
[WhiteTeamCountry "GER"]
[BlackTeamCountry "GER"]

1. Nf3 Nf6 2. g3 g6 3. Bg2 Bg7 4. 0-0 0-0 5. d3 d6 6. e4 c5 7. c3 Nc6 8. h3 Rb8 9. Be3 b5 10. Nbd2 Nd7 11. d4 b4 12. Re1 bxc3 13. bxc3 Qa5 14. Nb3 Qxc3 15. Rc1 Qb2 16. Re2 Qa3 17. dxc5 Nxc5 18. Nxc5 dxc5 19. Bxc5 Qa6 20. Bf1 Rd8 21. Rd2 Rxd2 22. Qxd2 Qb7 23. Be3 Be6 24. a3 Rd8 25. Qc2 Ne5 26. Nxe5 Bxe5 27. Qa4 Rd7 28. Bh6 Rd8 29. Be3 Rd7 30. Ba6 Bb3 31. Qa5 Qxe4 32. Bh6 f6 33. Rc8+ Kf7 34. Rf8+ Ke6 35. Bc8 Ba4 36. Rd8 Bc6 37. Bxd7+ Bxd7 38. Qd2 Bd4 39. Qa2+ Kd6 40. Qd2 Kc7 41. Rh8 g5 42. Qb4 Bc6 43. Qb8+ Kd7 44. Qc8+ Kd6 45. Qb8+ Ke6 46. Qc8+ Kd5 47. Qg4 Qe1+ 0-1

[Event "Mittelrhein Regionalliga 1314"]
[Site "Mittelrhein"]
[Date "2013.09.15"]
[Round "1.3"]
[White "Roski, Ferdinand"]
[Black "Florstedt, Johannes"]
[Result "1-0"]
[WhiteElo "2203"]
[BlackElo "2069"]
[PlyCount "81"]
[EventDate "2013.09.15"]
[EventType "team-tourn"]
[EventRounds "11"]
[EventCountry "GER"]
[SourceTitle "EXT 2023"]
[Source "ChessBase"]
[SourceDate "2022.10.05"]
[SourceVersion "1"]
[SourceVersionDate "2022.10.05"]
[SourceQuality "1"]
[WhiteTeam "Godesberg II"]
[BlackTeam "Godesberg III"]
[WhiteTeamCountry "GER"]
[BlackTeamCountry "GER"]

1. d4 g6 2. e4 Bg7 3. f4 c5 4. c3 cxd4 5. cxd4 d5 6. e5 Nh6 7. Nc3 Nc6 8. Be2 0-0 9. Bf3 e6 10. Nge2 f6 11. 0-0 Nf5 12. Bg4 Nh6 13. Bh3 fxe5 14. dxe5 Qb6+ 15. Kh1 Nf5 16. Bxf5 Rxf5 17. a3 g5 18. Qd3 Nxe5 19. Qh3 Nc4 20. Ng3 Rf7 21. Qh5 Nxb2 22. Bxb2 Qxb2 23. fxg5 Rxf1+ 24. Rxf1 Bd7 25. Qf7+ Kh8 26. Nd1 Qb5 27. Nh5 Rg8 28. Nxg7 Rxg7 29. Qf8+ Rg8 30. Qf6+ Rg7 31. Qd8+ Rg8 32. Qf6+ Rg7 33. Ne3 Qe2 34. Qe5 Qxf1+ 35. Nxf1 Kg8 36. Qb8+ Kf7 37. h4 Ke7 38. Nd2 Rf7 39. Qxb7 a5 40. Nf3 Rf5 41. Qc7 1-0

[Event "Regionalliga Mittelrhein 1213"]
[Site "Germany"]
[Date "2013.05.05"]
[Round "10.4"]
[White "Dick, Matthias"]
[Black "Roski, Ferdinand"]
[Result "0-1"]
[WhiteElo "1999"]
[BlackElo "2176"]
[PlyCount "112"]
[EventDate "2012.09.09"]
[EventType "team"]
[EventRounds "11"]
[EventCountry "GER"]
[SourceTitle "EXT 2015"]
[Source "ChessBase"]
[SourceDate "2014.11.20"]
[SourceVersion "1"]
[SourceVersionDate "2014.11.20"]
[SourceQuality "1"]
[WhiteTeam "Pulheim"]
[BlackTeam "Godesberg II"]
[WhiteTeamCountry "GER"]
[BlackTeamCountry "GER"]

1. d4 Nf6 2. Nf3 g6 3. g3 Bg7 4. Bg2 0-0 5. 0-0 d6 6. b3 Bd7 7. Bb2 Qc8 8. Re1 Ne4 9. Nbd2 f5 10. c4 Nxd2 11. Qxd2 f4 12. d5 fxg3 13. hxg3 Bf6 14. e4 Bg4 15. e5 Bg7 16. Nh2 Bf5 17. e6 Bxb2 18. Qxb2 g5 19. Qd2 h6 20. g4 Bg6 21. Be4 Qe8 22. Qd3 Bxe4 23. Rxe4 Na6 24. Re3 Nc5 25. Qc2 a5 26. Rh3 Kg7 27. Nf1 Qg6 28. Qxg6+ Kxg6 29. Ne3 Rae8 30. Rd1 Ne4 31. f3 Nf6 32. Rd2 Rh8 33. Rg2 Rh7 34. Rf2 h5 35. f4 gxf4 36. Rxf4 Rg8 37. gxh5+ Rxh5 38. Rxh5 Kxh5+ 39. Kf1 c6 40. dxc6 bxc6 41. Rf5+ Rg5 42. Ke2 Ng4 43. Rxg5+ Kxg5 44. c5 Nxe3 45. cxd6 Nd5 46. dxe7 Nxe7 47. Kd3 Kf5 48. Kc4 Kxe6 49. Kc5 Kd7 50. a3 Nc8 51. b4 axb4 52. axb4 Na7 53. Kb6 Nb5 54. Kb7 Kd6 55. Kb6 Nc3 56. Ka6 Kc7 0-1

[Event "Mittelrhein-chT 1112"]
[Site "Germany"]
[Date "2012.05.20"]
[Round "13.3"]
[White "Roski, Ferdinand"]
[Black "Tuerk, Philipp"]
[Result "1/2-1/2"]
[WhiteElo "2167"]
[BlackElo "2059"]
[PlyCount "34"]
[EventDate "2011.09.11"]
[EventType "team-tourn"]
[EventRounds "13"]
[EventCountry "GER"]
[SourceTitle "EXT 2013"]
[Source "ChessBase"]
[SourceDate "2012.11.22"]
[SourceVersion "1"]
[SourceVersionDate "2012.11.22"]
[SourceQuality "1"]
[WhiteTeam "Godesberg II"]
[BlackTeam "Gruenfeld"]
[WhiteTeamCountry "GER"]
[BlackTeamCountry "GER"]

1. e4 e6 2. d4 d5 3. Nc3 Bb4 4. e5 c5 5. a3 Bxc3+ 6. bxc3 Qa5 7. Bd2 cxd4 8. cxd4 Qa4 9. Qg4 Ne7 10. c3 Ng6 11. Nf3 Nc6 12. h4 h5 13. Qg3 b6 14. Bd3 Nce7 15. Ng5 Ba6 16. Qf3 Bxd3 17. Qxd3 Nf5 1/2-1/2

[Event "Mittelrhein-chT 1112"]
[Site "Germany"]
[Date "2012.03.18"]
[Round "10.3"]
[White "Gikas, Andreas Basilius"]
[Black "Roski, Ferdinand"]
[Result "0-1"]
[WhiteElo "2136"]
[BlackElo "2167"]
[PlyCount "98"]
[EventDate "2011.09.11"]
[EventType "team-tourn"]
[EventRounds "13"]
[EventCountry "GER"]
[SourceTitle "EXT 2013"]
[Source "ChessBase"]
[SourceDate "2012.11.22"]
[SourceVersion "1"]
[SourceVersionDate "2012.11.22"]
[SourceQuality "1"]
[WhiteTeam "Bonn Beuel"]
[BlackTeam "Godesberg II"]
[WhiteTeamCountry "GER"]
[BlackTeamCountry "GER"]

1. e4 c5 2. Nf3 d6 3. d4 cxd4 4. Nxd4 Nf6 5. Nc3 a6 6. Bg5 Nbd7 7. Qf3 Qa5 8. Bd2 Qb6 9. Nb3 g6 10. Be2 Bg7 11. 0-0-0 0-0 12. h4 h5 13. Be3 Qc7 14. Bg5 b5 15. Qe3 Bb7 16. g4 Rfc8 17. Rd2 b4 18. Nd5 Bxd5 19. exd5 Nxd5 20. Qd3 e6 21. gxh5 Ne5 22. Qg3 a5 23. hxg6 a4 24. gxf7+ Qxf7 25. Nd4 a3 26. b3 Nc3 27. Bh6 Nxa2+ 28. Kb1 Nc3+ 29. Ka1 Ne4 30. Qg2 Nxd2 31. Bxd2 Ng6 32. Be3 Qf6 33. Qe4 d5 34. Qg4 Ne5 35. Qxe6+ Nf7 36. Qxd5 Rd8 37. Qc4 Rxd4 38. Bxd4 Qxd4+ 39. Qxd4 Bxd4+ 40. Ka2 Kf8 41. h5 Re8 42. Bd3 Bc3 43. f4 Re1 44. Rxe1 Bxe1 45. c4 Bd2 46. f5 Be3 47. Be4 Kg7 48. Bd5 Nh6 49. Be6 Kf6 0-1

[Event "Mittelrhein-chT 1112"]
[Site "Germany"]
[Date "2011.10.02"]
[Round "2.4"]
[White "Lindam, Ingo"]
[Black "Roski, Ferdinand"]
[Result "0-1"]
[WhiteElo "2064"]
[BlackElo "2167"]
[PlyCount "67"]
[EventDate "2011.09.11"]
[EventType "team-tourn"]
[EventRounds "13"]
[EventCountry "GER"]
[SourceTitle "EXT 2013"]
[Source "ChessBase"]
[SourceDate "2012.11.22"]
[SourceVersion "1"]
[SourceVersionDate "2012.11.22"]
[SourceQuality "1"]
[WhiteTeam "Koeln Lasker"]
[BlackTeam "Godesberg II"]
[WhiteTeamCountry "GER"]
[BlackTeamCountry "GER"]

1. d4 Nf6 2. Bg5 e6 3. e4 h6 4. Bxf6 Qxf6 5. e5 Qe7 6. Nc3 Qb4 7. Qd2 a6 8. 0-0-0 d5 9. f4 Bd7 10. f5 Nc6 11. Nge2 0-0-0 12. Nf4 Be7 13. h4 Kb8 14. Rh3 Qa5 15. Kb1 Bb4 16. fxe6 Bxe6 17. Nxe6 fxe6 18. Rg3 Rhg8 19. Rg6 Rde8 20. Be2 Nd8 21. Rf1 Be7 22. Rf4 c5 23. Rfg4 cxd4 24. Rxd4 Nc6 25. Ra4 Qc5 26. Rxe6 d4 27. Nd1 Bxh4 28. Rc4 Bg5 29. Qxg5 Qxc4 30. Bxc4 hxg5 31. Rxe8+ Rxe8 32. e6 Nd8 33. Nf2 Nxe6 34. Kc1 0-1

[Event "NRW Class1 1011"]
[Site "Germany"]
[Date "2011.01.30"]
[Round "6.5"]
[White "Willenberg, Max"]
[Black "Roski, Ferdinand"]
[Result "0-1"]
[WhiteElo "2083"]
[BlackElo "2208"]
[PlyCount "64"]
[EventDate "2010.09.26"]
[EventType "team-tourn"]
[EventRounds "9"]
[EventCountry "GER"]
[SourceTitle "EXT 2012"]
[Source "ChessBase"]
[SourceDate "2011.11.24"]
[SourceVersion "1"]
[SourceVersionDate "2011.11.24"]
[SourceQuality "1"]
[WhiteTeam "Brackweda"]
[BlackTeam "Godesberg II"]
[WhiteTeamCountry "GER"]
[BlackTeamCountry "GER"]

1. e4 c5 2. Nf3 d6 3. d4 cxd4 4. Nxd4 Nf6 5. Nc3 a6 6. Be3 e5 7. Nb3 Be6 8. Qd2 Be7 9. f3 0-0 10. 0-0-0 Nbd7 11. Qf2 Rc8 12. Kb1 b5 13. g4 Rxc3 14. bxc3 Qc7 15. g5 Nh5 16. Qd2 Rc8 17. Rg1 Nb6 18. Bxb6 Qxb6 19. Rg3 Nxg3 20. hxg3 Qc7 21. Kb2 a5 22. f4 a4 23. Nc1 d5 24. exd5 Bxd5 25. Bxb5 Bf3 26. Be2 Rb8+ 27. Ka1 Ba3 28. Nd3 Bxe2 29. Rb1 Rxb1+ 30. Kxb1 Qb6+ 31. Ka1 Bxd3 32. cxd3 Qg1+ 0-1

[Event "NRW Class2 0910"]
[Site "Germany"]
[Date "2009.12.20"]
[Round "4.6"]
[White "Roski, Ferdinand"]
[Black "Eggenstein, Frank"]
[Result "1/2-1/2"]
[WhiteElo "2204"]
[BlackElo "2089"]
[PlyCount "84"]
[EventDate "2009.09.20"]
[EventType "team-tourn"]
[EventRounds "9"]
[EventCountry "GER"]
[SourceTitle "EXT 2011"]
[Source "ChessBase"]
[SourceDate "2010.11.26"]
[SourceVersion "1"]
[SourceVersionDate "2010.11.26"]
[SourceQuality "1"]
[WhiteTeam "Godesberg II"]
[BlackTeam "Erkenschwick"]
[WhiteTeamCountry "GER"]
[BlackTeamCountry "GER"]

1. Nf3 f5 2. d3 d6 3. g3 g6 4. Bg2 Nf6 5. Nc3 Bg7 6. 0-0 0-0 7. e4 e5 8. exf5 gxf5 9. Nh4 f4 10. Kh1 Nc6 11. gxf4 Ng4 12. Bd5+ Kh8 13. Ng2 exf4 14. Bxc6 bxc6 15. Bxf4 Rxf4 16. Nxf4 Qh4 17. h3 Nxf2+ 18. Rxf2 Qxf2 19. Qf1 Qh4 20. Re1 Bf5 21. Re3 Be5 22. Nce2 Rg8 23. Rf3 Bg4 24. Re3 Bc8 25. d4 Bg7 26. Rg3 Bh6 27. Ng2 Qe7 28. Rxg8+ Kxg8 29. Qf3 Bd7 30. Kh2 Qe6 31. b3 Bg7 32. c3 Qf5 33. Qg3 Qg6 34. Qxg6 hxg6 35. h4 Bf5 36. Kg3 Bh6 37. Nef4 Kf7 38. Ne3 Bb1 39. a3 Bg7 40. h5 gxh5 41. Nxh5 Bh6 42. Kf3 Bg5 1/2-1/2

[Event "NRW Class2 0910"]
[Site "Germany"]
[Date "2009.09.20"]
[Round "1.6"]
[White "Smit, Erik"]
[Black "Roski, Ferdinand"]
[Result "1-0"]
[WhiteElo "2278"]
[BlackElo "2204"]
[PlyCount "61"]
[EventDate "2009.09.20"]
[EventType "team-tourn"]
[EventRounds "9"]
[EventCountry "GER"]
[SourceTitle "EXT 2011"]
[Source "ChessBase"]
[SourceDate "2010.11.26"]
[SourceVersion "1"]
[SourceVersionDate "2010.11.26"]
[SourceQuality "1"]
[WhiteTeam "Emsdetten Turm II"]
[BlackTeam "Godesberg II"]
[WhiteTeamCountry "GER"]
[BlackTeamCountry "GER"]

1. d4 Nf6 2. Nf3 g6 3. g3 Bg7 4. Bg2 0-0 5. 0-0 d6 6. Nbd2 Nbd7 7. e4 e5 8. c3 Re8 9. Re1 Nf8 10. Qc2 exd4 11. cxd4 d5 12. e5 Nh5 13. Nf1 Ne6 14. Bd2 c6 15. Rad1 f6 16. Qc1 fxe5 17. dxe5 Qe7 18. g4 Nef4 19. Bxf4 Bxg4 20. Bg5 Qd7 21. Ng3 Rf8 22. e6 Bxe6 23. Nxh5 gxh5 24. Bh6 Bg4 25. Ne5 Qf5 26. Nxg4 hxg4 27. Bxg7 Qxf2+ 28. Kh1 Kxg7 29. Re7+ Kh8 30. Rf1 Qd4 31. Qh6 1-0

[Event "Oberliga NRW 0809"]
[Site "Germany"]
[Date "2009.02.01"]
[Round "6.6"]
[White "Nautsch, Werner"]
[Black "Roski, Ferdinand"]
[Result "0-1"]
[WhiteElo "2277"]
[BlackElo "2157"]
[PlyCount "106"]
[EventDate "2008.09.21"]
[EventType "team-tourn"]
[EventRounds "9"]
[EventCountry "GER"]
[SourceTitle "EXT 2010"]
[Source "ChessBase"]
[SourceDate "2010.11.25"]
[SourceVersion "1"]
[SourceVersionDate "2010.11.25"]
[SourceQuality "1"]
[WhiteTeam "Katernberg II"]
[BlackTeam "Godesberg II"]
[WhiteTeamCountry "GER"]
[BlackTeamCountry "GER"]

1. d4 Nf6 2. c4 g6 3. Nc3 Bg7 4. e4 d6 5. f3 0-0 6. Be3 Nbd7 7. Qd2 e5 8. Nge2 Re8 9. 0-0-0 a6 10. Kb1 Rb8 11. g4 b5 12. cxb5 axb5 13. d5 Nb6 14. Ng3 b4 15. Nb5 Ba6 16. Nxc7 Qxc7 17. Bxa6 Na4 18. Qd3 Qa5 19. Bc4 Rec8 20. Rc1 Nd7 21. Ne2 Ndc5 22. Qd2 Ra8 23. b3 Nb6 24. Bxc5 Rxc5 25. Bd3 Rxc1+ 26. Nxc1 Nd7 27. g5 f6 28. h4 fxg5 29. hxg5 Ra7 30. Qh2 Nf8 31. Bc4 Rf7 32. Rf1 Nd7 33. Nd3 Nb6 34. Qd2 Nxc4 35. bxc4 Qa6 36. Qc2 Rb7 37. Qb3 Bf8 38. f4 exf4 39. Nxf4 Rf7 40. Qd3 Bg7 41. Rf3 b3 42. Qe2 Be5 43. Rxb3 Rxf4 44. Qd3 Rf2 45. a3 Qa7 46. Qh3 Kg7 47. Qh6+ Kg8 48. Qh3 Rf7 49. c5 dxc5 50. Qe6 c4 51. Rb6 Qxa3 52. Qe8+ Qf8 53. Qxe5 Rf1+ 0-1

[Event "NRW Class2 0708"]
[Site "Germany"]
[Date "2007.12.09"]
[Round "4.7"]
[White "Roski, Ferdinand"]
[Black "Langers, Alexander"]
[Result "0-1"]
[WhiteElo "2168"]
[BlackElo "2160"]
[PlyCount "102"]
[EventDate "2007.09.16"]
[EventType "team-tourn"]
[EventRounds "9"]
[EventCountry "GER"]
[SourceTitle "EXT 2009"]
[Source "ChessBase"]
[SourceDate "2008.11.26"]
[SourceVersion "1"]
[SourceVersionDate "2008.11.26"]
[SourceQuality "1"]
[WhiteTeam "Godesberg II"]
[BlackTeam "Sodingen"]
[WhiteTeamCountry "GER"]
[BlackTeamCountry "GER"]

1. Nf3 Nf6 2. g3 g6 3. Bg2 Bg7 4. 0-0 0-0 5. d3 d6 6. e4 e5 7. h3 h6 8. Be3 Be6 9. Nbd2 Qd7 10. Kh2 Nc6 11. d4 exd4 12. Nxd4 Nxd4 13. Bxd4 Ng4+ 14. hxg4 Bxd4 15. c3 Bg7 16. f3 Rad8 17. Re1 Bf6 18. Nf1 Kg7 19. Ne3 c6 20. f4 Qc7 21. Qc2 b5 22. Bf3 Qb6 23. Kg2 a5 24. Qf2 Rb8 25. Rad1 Qc7 26. Rh1 Bxa2 27. Qd2 Rbd8 28. Rxh6 Kxh6 29. g5+ Kg7 30. gxf6+ Kxf6 31. f5 Ke7 32. Ng4 Kd7 33. e5 d5 34. Qc2 a4 35. fxg6 fxg6 36. Qxg6 Kc8 37. Re1 Kb7 38. Nf6 Qe7 39. Rh1 Rf7 40. Rh6 Rg7 41. Qf5 Bc4 42. Qf4 a3 43. bxa3 Qxa3 44. Qd2 Qe7 45. Qd4 Qa3 46. g4 Qb2+ 47. Kg3 b4 48. Qc5 Qxc3 49. Qxc6+ Kxc6 50. Nxd5+ Kc5 51. Nxc3 bxc3 0-1